[Event "Asian Individual 2025"]
[Site "Al Ain UAE"]
[Date "2025.05.07"]
[Round "1.45"]
[White "Liu, Yi"]
[Black "Muthaiah, AL"]
[Result "1/2-1/2"]
[WhiteTitle "FM"]
[BlackTitle "IM"]
[WhiteElo "2261"]
[BlackElo "2487"]
[WhiteFideId "3210588"]
[BlackFideId "5092442"]
[EventDate "2025.05.07"]

1. d4 d5 2. Nc3 Nf6 3. Bf4 c5 4. e3 a6 5. dxc5 Qa5 6. Qd2 Nc6 7. Nf3 e6 8. Bd3
Bxc5 9. a3 Nh5 10. O-O Nxf4 11. exf4 Qd8 12. Ne2 Qf6 13. c3 O-O 14. Ned4 Bd7 15.
Rfe1 g6 16. Ne5 Rfd8 17. Bf1 Be8 18. g3 Rac8 19. Rad1 Ba7 20. Ndxc6 Bxc6 21.
Nxc6 Rxc6 22. Qe2 b5 23. Qe5 Kg7 24. Rd2 Qxe5 25. fxe5 Rb8 26. Kg2 a5 27. Ra1
Rc7 28. h4 b4 29. cxb4 axb4 30. a4 h6 31. a5 g5 32. hxg5 hxg5 33. a6 Kf8 34. Be2
Ke7 35. Bd1 Rc4 36. Ra4 Kd7 37. b3 Rc1 38. Raa2 Rc3 39. Kh3 Rc1 40. Kg4 Ke7 41.
Rac2 Rc8 42. Rxc8 Rxc8 43. Rc2 Rxc2 1/2-1/2

[Event "Asian Individual 2025"]
[Site "Al Ain UAE"]
[Date "2025.05.07"]
[Round "1.46"]
[White "Pang, Tao"]
[Black "Assylov, Miras"]
[Result "1/2-1/2"]
[WhiteTitle "IM"]
[BlackTitle "FM"]
[WhiteElo "2485"]
[BlackElo "2249"]
[WhiteFideId "8609950"]
[BlackFideId "13728873"]
[EventDate "2025.05.07"]

1. Nf3 Nf6 2. c4 e6 3. Nc3 Bb4 4. Qc2 c5 5. a3 Ba5 6. e3 Nc6 7. d4 d6 8. Be2 e5
9. d5 Bxc3+ 10. Qxc3 Ne7 11. b4 O-O 12. Nd2 b6 13. O-O Ng6 1/2-1/2

[Event "Asian Individual 2025"]
[Site "Al Ain UAE"]
[Date "2025.05.07"]
[Round "1.47"]
[White "Sakline Mostafa, Sajid"]
[Black "Chen, Qi b"]
[Result "0-1"]
[WhiteTitle "FM"]
[BlackTitle "IM"]
[WhiteElo "2234"]
[BlackElo "2482"]
[WhiteFideId "10244654"]
[BlackFideId "8614733"]
[EventDate "2025.05.07"]

1. d4 Nf6 2. c4 g6 3. Nc3 Bg7 4. e4 d6 5. h3 O-O 6. Be3 Na6 7. Nf3 c6 8. Be2 e5
9. d5 Nh5 10. g3 cxd5 11. cxd5 f5 12. exf5 gxf5 13. Nxe5 f4 14. gxf4 Nxf4 15.
Bxf4 Rxf4 16. Nd3 Rd4 17. Qd2 Bf5 18. Rd1 Nb4 19. Nxb4 Rxd2 20. Rxd2 Qa5 21. a3
Bxc3 22. bxc3 Qxa3 23. Rg1+ Kh8 24. Rg3 a5 25. Na2 Rg8 26. Re3 Qa4 27. Rb2 Qa3
28. Rd2 Qb3 0-1

[Event "Asian Individual 2025"]
[Site "Al Ain UAE"]
[Date "2025.05.07"]
[Round "1.48"]
[White "Urazayev, Arystanbek"]
[Black "Saravana, Krishnan P."]
[Result "1-0"]
[WhiteTitle "IM"]
[BlackTitle "IM"]
[WhiteElo "2482"]
[BlackElo "2231"]
[WhiteFideId "13709810"]
[BlackFideId "5018382"]
[EventDate "2025.05.07"]

1. e4 e6 2. d4 d5 3. e5 c5 4. c3 Nc6 5. Nf3 Qb6 6. a3 c4 7. Nbd2 Na5 8. Rb1 Bd7
9. Qc2 Ne7 10. Be2 Qc7 11. h4 Nc8 12. Ra1 Nb6 13. a4 a6 14. h5 h6 15. Rh3 Qc6
16. Bd1 O-O-O 17. Kf1 Kb8 18. Kg1 Rc8 19. Rg3 Be8 20. Qb1 f6 21. Nh4 fxe5 22.
Ndf3 e4 23. Ne5 Qc7 24. Nhg6 Rg8 25. Nxf8 Rxf8 26. Qa2 Rf5 27. Qa3 Ka8 28. Qb4
Nb3 29. a5 Nxa1 30. axb6 Qd8 31. Rxg7 Bb5 32. Bxh6 Qxb6 33. Be3 Qd8 34. h6 Qf6
35. Qe7 Qxe7 36. Rxe7 Nb3 37. g4 Rff8 38. g5 Be8 39. g6 1-0

[Event "Asian Individual 2025"]
[Site "Al Ain UAE"]
[Date "2025.05.07"]
[Round "1.49"]
[White "Nikookar, Mahdi"]
[Black "Zhao, Yuanhe"]
[Result "0-1"]
[WhiteTitle "FM"]
[BlackTitle "IM"]
[WhiteElo "2202"]
[BlackElo "2482"]
[WhiteFideId "22552987"]
[BlackFideId "8609497"]
[EventDate "2025.05.07"]

1. c4 Nf6 2. Nf3 d6 3. g3 g6 4. b3 Bg7 5. Bb2 O-O 6. Bg2 e5 7. d3 c5 8. O-O Nc6
9. Nc3 Rb8 10. Nd2 a6 11. Nd5 Nxd5 12. cxd5 Nd4 13. e3 Nf5 14. a3 Bd7 15. b4 Rc8
16. bxc5 dxc5 17. a4 b5 18. axb5 axb5 19. Ra7 Nd6 20. Qa1 Re8 21. f4 f6 22. fxe5
fxe5 23. Qa6 Rc7 24. Ne4 Nxe4 25. Rxc7 Qxc7 26. Bxe4 c4 27. d6 Qc5 28. Qb7 Qxe3+
29. Kh1 Qe2 30. Rf3 Be6 31. d7 Rf8 32. d8=Q Qd1+ 33. Kg2 Qc2+ 34. Kf1 Bh3+ 35.
Ke1 Qb1+ 36. Ke2 Qxb2+ 37. Kd1 0-1

[Event "Asian Individual 2025"]
[Site "Al Ain UAE"]
[Date "2025.05.07"]
[Round "1.50"]
[White "Xu, Yi"]
[Black "Vasilkov, Nikolay"]
[Result "1-0"]
[WhiteTitle "GM"]
[WhiteElo "2481"]
[BlackElo "2201"]
[WhiteFideId "8605564"]
[BlackFideId "34283510"]
[EventDate "2025.05.07"]

1. e4 c5 2. Nf3 d6 3. d4 cxd4 4. Nxd4 Nf6 5. Nc3 a6 6. Bg5 e6 7. Qe2 h6 8. Bd2
Be7 9. h4 e5 10. Nf5 Bxf5 11. exf5 Nc6 12. O-O-O Rc8 13. g3 b5 14. Bg2 Nd4 15.
Qd3 O-O 16. Kb1 Rc5 17. Be3 Qc7 18. Ne2 Ng4 19. Nxd4 exd4 20. Bxd4 1-0

[Event "Asian Individual 2025"]
[Site "Al Ain UAE"]
[Date "2025.05.07"]
[Round "1.51"]
[White "AbuAzizah, Raji"]
[Black "Agmanov, Zhandos"]
[Result "1/2-1/2"]
[WhiteTitle "FM"]
[BlackTitle "IM"]
[WhiteElo "2182"]
[BlackElo "2480"]
[WhiteFideId "11503327"]
[BlackFideId "13708309"]
[EventDate "2025.05.07"]

1. e4 c5 2. Nf3 d6 3. d4 cxd4 4. Nxd4 Nf6 5. Nc3 a6 6. Be2 e5 7. Nb3 Be7 8. g4
h6 9. Be3 Be6 10. Rg1 Nc6 11. h4 d5 12. exd5 Nxd5 13. Nxd5 Bxd5 14. h5 O-O 15.
Qd2 Rc8 16. Rd1 Bxb3 17. axb3 Bg5 18. Bxg5 hxg5 19. c3 Qf6 20. Qd7 Na5 21. b4
Nc4 22. Rg3 Nxb2 23. Rb1 Nc4 24. Rf3 Qc6 25. Qf5 e4 26. Rh3 Qf6 27. Qxe4 Rfe8
28. Qf3 Qe6 29. Rd1 Nb2 30. Rd2 Na4 31. Qxb7 Rxc3 32. Rxc3 Nxc3 33. Qf3 Qb3 34.
Kf1 Qb1+ 35. Kg2 Nxe2 36. Rxe2 Qxb4 1/2-1/2

[Event "Asian Individual 2025"]
[Site "Al Ain UAE"]
[Date "2025.05.07"]
[Round "1.52"]
[White "Ayush, Sharma"]
[Black "Sobirov, Afruzbek"]
[Result "1/2-1/2"]
[WhiteTitle "IM"]
[WhiteElo "2478"]
[BlackElo "2178"]
[WhiteFideId "45010943"]
[BlackFideId "14225867"]
[EventDate "2025.05.07"]

1. e4 c5 2. Nf3 e6 3. d4 cxd4 4. Nxd4 Nf6 5. Nc3 Nc6 6. a3 Be7 7. Nxc6 bxc6 8.
e5 Nd5 9. Qg4 g6 10. Ne4 f5 11. exf6 Nxf6 12. Nxf6+ Bxf6 13. h4 Qa5+ 14. Kd1
Qd5+ 15. Bd3 Ba6 16. Rh3 Rb8 17. c4 Qc5 18. Rf3 O-O 1/2-1/2

[Event "Asian Individual 2025"]
[Site "Al Ain UAE"]
[Date "2025.05.07"]
[Round "1.53"]
[White "Anas Khwaira"]
[Black "Megaranto, Susanto"]
[Result "0-1"]
[BlackTitle "GM"]
[WhiteElo "2173"]
[BlackElo "2477"]
[WhiteFideId "8117683"]
[BlackFideId "7101384"]
[EventDate "2025.05.07"]

1. d4 Nf6 2. c4 e6 3. Nc3 Bb4 4. a3 Bxc3+ 5. bxc3 Nc6 6. f3 d6 7. e4 e5 8. Be3
b6 9. Bd3 Na5 10. Qe2 Ba6 11. Nh3 Qd7 12. a4 c5 13. d5 h6 14. Nf2 O-O-O 15. g4
h5 16. Bg5 Rdg8 17. h4 Kb8 18. Rg1 Ne8 19. Rh1 g6 20. Qa2 Rh7 21. gxh5 gxh5 22.
O-O-O f6 23. Be3 Rhg7 0-1

[Event "Asian Individual 2025"]
[Site "Al Ain UAE"]
[Date "2025.05.07"]
[Round "1.54"]
[White "Prraneeth, Vuppala"]
[Black "Sodbilegt, Naranbold"]
[Result "1-0"]
[WhiteTitle "GM"]
[BlackTitle "FM"]
[WhiteElo "2474"]
[BlackElo "2159"]
[WhiteFideId "46622373"]
[BlackFideId "4903528"]
[EventDate "2025.05.07"]

1. e4 c5 2. Nf3 d6 3. d4 cxd4 4. Nxd4 Nf6 5. Nc3 a6 6. Bg5 Nbd7 7. Be3 e6 8. g4
h6 9. a4 Be7 10. Bg2 h5 11. gxh5 Nxh5 12. Qe2 Bg5 13. O-O-O Ne5 14. Kb1 Nf4 15.
Bxf4 Bxf4 16. Qe1 Bd7 17. Nce2 Ng6 18. b3 Qc7 19. h4 Be5 20. h5 Nf4 21. Nxf4
Bxf4 22. Ne2 Rc8 23. Nxf4 Qxc2+ 24. Ka1 Qxb3 25. Rd2 Qxa4+ 26. Ra2 Qd4+ 27. Kb1
Rc3 28. Qd1 Qe5 29. Ne2 Rc4 30. Rb2 Bc6 31. Ng3 a5 32. Qd2 a4 33. Rc1 Rxc1+ 34.
Qxc1 O-O 35. f4 Qd4 36. Qd2 Qc5 37. Rc2 Qb6+ 38. Ka1 a3 39. Qc3 Ba4 40. h6 Qg1+
41. Rc1 1-0

[Event "Asian Individual 2025"]
[Site "Al Ain UAE"]
[Date "2025.05.07"]
[Round "1.55"]
[White "Fu, Yihe"]
[Black "Siddharth, Jagadeesh"]
[Result "1/2-1/2"]
[WhiteTitle "FM"]
[BlackTitle "GM"]
[WhiteElo "2123"]
[BlackElo "2472"]
[WhiteFideId "8619638"]
[BlackFideId "5818320"]
[EventDate "2025.05.07"]

1. e4 c6 2. d4 d5 3. e5 Bf5 4. Nf3 e6 5. Be2 Nd7 6. O-O a5 7. c4 Ne7 8. Nc3 dxc4
9. Bxc4 Nb6 10. Be2 Ned5 11. a3 Be7 12. Bd3 Bxd3 13. Qxd3 O-O 14. Ne4 h6 15. Bd2
a4 16. Rac1 Nd7 17. Ng3 Re8 1/2-1/2

[Event "Asian Individual 2025"]
[Site "Al Ain UAE"]
[Date "2025.05.07"]
[Round "1.56"]
[White "Zverev, Lev"]
[Black "Huh, Isaak"]
[Result "1-0"]
[WhiteTitle "IM"]
[BlackTitle "CM"]
[WhiteElo "2471"]
[BlackElo "2087"]
[WhiteFideId "24250775"]
[BlackFideId "13209590"]
[EventDate "2025.05.07"]

1. e4 c5 2. Nf3 d6 3. d4 cxd4 4. Nxd4 Nf6 5. Nc3 a6 6. Be3 e5 7. Nb3 Be7 8. f3
Be6 9. Qd2 h5 10. Nd5 Bxd5 11. exd5 Nbd7 12. O-O-O Rc8 13. Qf2 O-O 14. Rg1 e4
15. Bd4 Nxd5 16. fxe4 N5f6 17. Bd3 a5 18. Bb5 Qc7 19. Qe2 Rfe8 20. Kb1 Bd8 21.
e5 dxe5 22. Bc3 Re6 23. Bxa5 b6 24. Bc3 Nc5 25. Nxc5 Qxc5 26. Ba6 Rb8 27. Bc4
Re8 28. Bb3 b5 29. Rgf1 b4 30. Be1 Be7 31. Rf5 Rbd8 32. Rc1 Qd4 33. Bg3 e4 34.
Bf4 Qd7 35. Ra5 Bd6 36. Bg5 Be5 37. Rf1 Qd4 38. Bc1 Re7 39. h3 h4 40. Ra4 Red7
41. a3 Rb7 42. axb4 Qd6 43. b5 Qc5 44. Bc4 Rbb8 45. Be3 Bd4 46. Rxf6 gxf6 47.
Qg4+ Kf8 48. Bh6+ Ke7 49. Qxe4+ Qe5 50. Qh7 Rd7 51. Qxf7+ Kd8 52. Qg8+ Kc7 53.
Qg4 f5 54. Qf3 Qe1+ 55. Ka2 1-0

[Event "Asian Individual 2025"]
[Site "Al Ain UAE"]
[Date "2025.05.07"]
[Round "1.57"]
[White "Muhammed, Shuaau"]
[Black "Ilamparthi, A R"]
[Result "0-1"]
[WhiteTitle "FM"]
[BlackTitle "IM"]
[WhiteElo "2082"]
[BlackElo "2469"]
[WhiteFideId "16700406"]
[BlackFideId "45015775"]
[EventDate "2025.05.07"]

1. e4 e5 2. Nf3 Nc6 3. Bb5 a6 4. Ba4 Nf6 5. O-O d6 6. c3 Bd7 7. Bc2 g6 8. h3 Bg7
9. d4 O-O 10. Be3 Nh5 11. Nbd2 Qe8 12. Re1 Kh8 13. Nf1 Rd8 14. g4 Nf6 15. Ng3
Ng8 16. Qd2 Nce7 17. Kg2 f5 18. gxf5 gxf5 19. exf5 Nxf5 20. Bg5 Nxg3 21. fxg3
Qh5 22. Nh4 Rde8 23. Kh2 Bc6 24. g4 Qf7 25. Nf5 Bf6 26. Bxf6+ Nxf6 27. dxe5 dxe5
28. Rf1 Rd8 29. Qh6 Qg6 30. Qe3 Rde8 31. c4 Nxg4+ 32. hxg4 Qxg4 33. Qg3 Qh5+ 34.
Qh4 Rxf5 35. Qxh5 Rxh5+ 0-1

[Event "Asian Individual 2025"]
[Site "Al Ain UAE"]
[Date "2025.05.07"]
[Round "1.58"]
[White "Srihari, L R"]
[Black "Schain, Randolph"]
[Result "1-0"]
[WhiteTitle "IM"]
[WhiteElo "2468"]
[BlackElo "2080"]
[WhiteFideId "46617116"]
[BlackFideId "2003139"]
[EventDate "2025.05.07"]

1. c4 Nf6 2. Nc3 d6 3. d4 g6 4. e4 Bg7 5. h3 O-O 6. Be3 e5 7. d5 Nbd7 8. Nf3 b6
9. g4 Nc5 10. Nd2 a5 11. Be2 Bd7 12. h4 c6 13. a4 cxd5 14. cxd5 Rc8 15. h5 Ne8
16. g5 f6 17. Rg1 gxh5 18. Nc4 f5 19. Bxc5 Rxc5 20. Qb3 fxe4 21. Nxe4 Bf5 22.
Nxc5 bxc5 23. Bxh5 Kh8 24. Ne3 Nc7 25. Nxf5 Rxf5 26. Qh3 Rf4 27. Bg6 Qg8 28. Rh1
h6 29. gxh6 Bf6 30. Rg1 Nxd5 31. h7 Qb8 32. Bc2 Bg7 33. Rxg7 Kxg7 34. Qg2+ Kh8
35. Qxd5 Qb4+ 36. Ke2 Rf8 37. Rg1 Qb8 38. Bb3 1-0

[Event "Asian Individual 2025"]
[Site "Al Ain UAE"]
[Date "2025.05.07"]
[Round "1.59"]
[White "Obidjonov, Oriyat"]
[Black "Lou, Yiping"]
[Result "0-1"]
[WhiteTitle "CM"]
[BlackTitle "IM"]
[WhiteElo "2078"]
[BlackElo "2467"]
[WhiteFideId "14222531"]
[BlackFideId "8603928"]
[EventDate "2025.05.07"]

1. e4 e5 2. Nf3 Nc6 3. Bc4 Bc5 4. O-O d6 5. h3 h6 6. Nc3 a6 7. a4 Nf6 8. d3 g5
9. Nh2 Nd4 10. Be3 Rg8 11. Nd5 c6 12. Nxf6+ Qxf6 13. c3 Ne6 14. Bxe6 Bxe6 15. d4
exd4 16. cxd4 Bb4 17. d5 Bd7 18. Ng4 Bxg4 19. Qxg4 c5 20. f4 Qxb2 21. fxg5 hxg5
22. Rab1 Qg7 23. Rf5 f6 24. Rbf1 Rf8 25. Bxg5 Bc3 26. Qh5+ Qf7 27. Qh6 Bd4+ 28.
Kh1 Qe7 29. Qh5+ Kd7 30. Qf3 Rae8 31. Bxf6 Bxf6 32. Rxf6 Rxf6 33. Qxf6 Qxf6 34.
Rxf6 b5 35. axb5 axb5 36. Rf7+ Re7 37. Rf8 c4 38. Rb8 c3 39. Rb7+ Kd8 0-1

[Event "Asian Individual 2025"]
[Site "Al Ain UAE"]
[Date "2025.05.07"]
[Round "1.60"]
[White "Gan-Erdene, Sugar"]
[Black "Dahal, Sushrut"]
[Result "1-0"]
[WhiteTitle "IM"]
[BlackTitle "CM"]
[WhiteElo "2464"]
[BlackElo "2056"]
[WhiteFideId "4902980"]
[BlackFideId "12303275"]
[EventDate "2025.05.07"]

1. e4 c5 2. Nf3 e6 3. d4 cxd4 4. Nxd4 a6 5. Bd3 Bc5 6. Nb3 Be7 7. Qg4 g6 8. Qe2
d6 9. O-O Qc7 10. Nc3 Nd7 11. f4 b6 12. f5 Ne5 13. Kh1 Nf6 14. Bh6 Nfg4 15. Bg7
Rg8 16. f6 Bf8 17. h3 Nxd3 18. cxd3 Ne5 19. Rac1 Qb8 20. d4 Bxg7 21. fxg7 Nd7
22. Nd5 Ra7 23. Qc2 exd5 24. Qxc8+ Ke7 25. Qc2 Rxg7 26. exd5 Qd8 27. Qe2+ Kf8
28. Qe6 Kg8 29. Qxd6 h5 30. Nd2 f5 31. Nf3 Qe7 32. Rc8+ Nf8 33. Qxb6 Rd7 34. Re1
Qd6 35. Qxd6 Rxd6 36. Ree8 Rf6 37. Ng5 Rd7 38. Ne6 Rdf7 39. Nxf8 1-0

[Event "Asian Individual 2025"]
[Site "Al Ain UAE"]
[Date "2025.05.07"]
[Round "1.61"]
[White "Saif, Ahmed"]
[Black "Pingin, Artem"]
[Result "0-1"]
[BlackTitle "IM"]
[WhiteElo "2053"]
[BlackElo "2464"]
[WhiteFideId "9316604"]
[BlackFideId "44193645"]
[EventDate "2025.05.07"]

1. e4 c5 2. Nf3 d6 3. d4 cxd4 4. Nxd4 Nf6 5. Nc3 a6 6. Bg5 e6 7. Qf3 Nbd7 8.
O-O-O Qc7 9. Bd3 h6 10. Bxf6 Nxf6 11. Qg3 Bd7 12. f4 O-O-O 13. Rhe1 Be8 14. Kb1
Kb8 15. Qf3 Be7 16. g4 Nd7 17. Bf1 g5 18. Nf5 Bf8 19. Ng3 gxf4 20. Qxf4 Ne5 21.
Nh5 Be7 22. Nf6 Rc8 23. Bd3 Qd8 24. Nxe8 Rxe8 25. h3 Bg5 26. Qf1 Rxc3 27. bxc3
Qb6+ 28. Ka1 Qa5 29. Qf2 Qxc3+ 30. Kb1 Rc8 31. Qb6 Rc6 32. Qb2 Qc5 33. Ka1 Rb6 0-1

[Event "Asian Individual 2025"]
[Site "Al Ain UAE"]
[Date "2025.05.07"]
[Round "1.62"]
[White "Wang, Shixu B"]
[Black "Ashikmamutov, Saidkhon"]
[Result "1-0"]
[WhiteTitle "IM"]
[WhiteElo "2462"]
[BlackElo "2046"]
[WhiteFideId "8610665"]
[BlackFideId "14216914"]
[EventDate "2025.05.07"]

1. d4 Nf6 2. c4 e6 3. Nf3 b6 4. g3 Ba6 5. b3 Bb4+ 6. Bd2 Be7 7. Bg2 d5 8. O-O
O-O 9. cxd5 exd5 10. Nc3 Re8 11. Ne5 c6 12. Qc2 b5 13. a4 b4 14. Na2 Qb6 15. Be3
Bb7 16. Nc1 a5 17. Ncd3 Nfd7 18. Rac1 Nxe5 19. Nxe5 f6 20. Nd3 Nd7 21. Rfd1 Rad8
22. h4 Bf8 23. Qd2 f5 24. Bg5 Rc8 25. Qf4 g6 26. g4 fxg4 27. Qxg4 Rc7 28. h5 Bg7
29. hxg6 h6 30. Bf4 Nf6 31. Bxc7 Qxc7 32. Qf4 Qe7 33. Ne5 Qe6 34. Rd3 Rf8 35.
Qh4 Ne4 36. Bxe4 dxe4 37. Qxe4 Rf5 38. Rc5 1-0

[Event "Asian Individual 2025"]
[Site "Al Ain UAE"]
[Date "2025.05.07"]
[Round "1.63"]
[White "Xu, Pengmo"]
[Black "Quizon, Daniel"]
[Result "0-1"]
[BlackTitle "GM"]
[WhiteElo "2039"]
[BlackElo "2461"]
[WhiteFideId "8629269"]
[BlackFideId "5217911"]
[EventDate "2025.05.07"]

1. d4 Nf6 2. c4 g6 3. Nc3 Bg7 4. e4 d6 5. Be2 O-O 6. Nf3 c5 7. O-O cxd4 8. Nxd4
Nc6 9. Be3 Bd7 10. Nc2 Rc8 11. h3 a6 12. Qd2 Re8 13. f4 Qa5 14. a3 Qc7 15. b4 b5
16. Bf2 bxc4 17. Ne3 Na7 18. Rac1 Nb5 19. Ncd5 Nxe4 20. Qc2 Qd8 21. Qxe4 e6 22.
Bxc4 exd5 23. Qxd5 Be6 24. Qd3 Bxc4 25. Rxc4 Nc3 26. Rxc8 Qxc8 27. Kh2 d5 28.
Bg3 d4 29. Nc4 Qc6 30. Rf2 Qe4 31. Rd2 f5 32. Nd6 Qxd3 33. Rxd3 Re2 34. Nc4 Kf7
35. Ne5+ Bxe5 36. fxe5 Re4 37. Bf2 Ne2 38. a4 0-1

[Event "Asian Individual 2025"]
[Site "Al Ain UAE"]
[Date "2025.05.07"]
[Round "1.64"]
[White "Begmuratov, Khumoyun"]
[Black "Mirzaad, Swahabuddin"]
[Result "1-0"]
[WhiteTitle "IM"]
[BlackTitle "FM"]
[WhiteElo "2461"]
[BlackElo "2035"]
[WhiteFideId "14210207"]
[BlackFideId "11700785"]
[EventDate "2025.05.07"]

1. e4 d5 2. exd5 Qxd5 3. Nc3 Qa5 4. d4 c6 5. Nf3 Bf5 6. Bc4 Nf6 7. Bd2 Qb6 8.
O-O e6 9. Re1 Be7 10. Bb3 O-O 11. h3 h6 12. Qe2 Nbd7 13. Bf4 Rfe8 14. Rad1 Bf8
15. Ne5 Nxe5 16. Bxe5 Be7 17. Qf3 Nd7 18. Bf4 Nf6 19. Na4 Qd8 20. Nc5 b6 21. Nd3
Bxd3 22. Rxd3 Rc8 23. c3 Bd6 24. Bc1 Nh7 25. Qg4 Kh8 26. Qh5 Rc7 27. Bc2 Nf6 28.
Qd1 Nh7 29. g3 Qc8 30. h4 Rd7 31. Rde3 a5 32. Qd3 Nf8 33. Rf3 Rde7 34. Rfe3 Rd8
35. R3e2 Qb7 36. Qf3 Nh7 37. Qd3 Nf8 38. Qf3 Nh7 39. g4 Bb8 40. g5 Qc7 41. Qh3
Rg8 42. f4 Qd6 43. Rg2 c5 44. dxc5 bxc5 45. Rd1 Qc6 46. gxh6 gxh6 47. Rxg8+ Kxg8
48. Rd8+ Re8 49. Be4 Qxe4 50. Rxe8+ Kg7 51. Qg3+ 1-0

[Event "Asian Individual 2025"]
[Site "Al Ain UAE"]
[Date "2025.05.07"]
[Round "1.65"]
[White "Munkhbayar, Gijir"]
[Black "Kong, Xiangrui"]
[Result "0-1"]
[WhiteTitle "FM"]
[WhiteElo "2018"]
[BlackElo "2461"]
[WhiteFideId "4901584"]
[BlackFideId "8632200"]
[EventDate "2025.05.07"]

1. d4 Nf6 2. c4 b6 3. Nf3 Bb7 4. g3 g6 5. Bg2 Bg7 6. O-O O-O 7. Nc3 Ne4 8. Qc2
Nxc3 9. Qxc3 c5 10. Qd3 cxd4 11. Nxd4 Bxg2 12. Kxg2 d5 13. Rd1 dxc4 14. Qe4 Na6
15. Be3 Nc5 16. Qc2 Qd5+ 17. Nf3 Qe6 18. Bxc5 bxc5 19. Rac1 Rab8 20. Qxc4 Rxb2
21. Qxe6 fxe6 22. Rd2 Rxf3 23. Rxb2 Bxb2 24. Rc2 Ra3 25. Rxb2 Kf7 26. Rc2 Ra5
27. f4 e5 28. Kf3 Ke6 29. Ke4 Ra4+ 30. Ke3 exf4+ 31. gxf4 Kd5 32. Rd2+ Rd4 33.
Rb2 Rb4 34. Rd2+ Rd4 35. Rb2 Re4+ 36. Kf3 Rb4 37. Rd2+ Rd4 38. Rb2 c4 39. Rb5+
Kc6 40. Rb8 Kc7 41. Rb5 Kd6 42. Ke3 Rd5 43. Rb2 Rh5 44. Rd2+ Ke6 45. Rc2 Rh3+
46. Kd4 Rxh2 47. Kxc4 Rf2 48. Kd4 Rxf4+ 49. e4 h5 50. Ke3 Rf6 51. Rc7 a6 52. Ra7
Kf7 53. e5 Rb6 54. Kf4 Rb4+ 55. Kg5 Ra4 56. e6+ Kxe6 57. Kxg6 h4 58. Ra8 Rxa2
59. Rh8 Rg2+ 60. Kh5 h3 61. Rh6+ Kd7 62. Rxa6 h2 0-1

[Event "Asian Individual 2025"]
[Site "Al Ain UAE"]
[Date "2025.05.07"]
[Round "1.66"]
[White "Zhalmakhanov, Ramazan"]
[Black "Kodithuwakku, K K Dinujaya"]
[Result "1-0"]
[WhiteTitle "GM"]
[BlackTitle "CM"]
[WhiteElo "2456"]
[BlackElo "2011"]
[WhiteFideId "13706357"]
[BlackFideId "9998845"]
[EventDate "2025.05.07"]

1. e4 e5 2. Nf3 Nc6 3. Bb5 a6 4. Ba4 Nf6 5. O-O d6 6. Re1 Bd7 7. Bb3 Na5 8. d4
Nxb3 9. axb3 exd4 10. Nxd4 Be7 11. Nc3 O-O 12. Qf3 Re8 13. Bg5 Nd5 14. Nxd5 Bxg5
15. Rad1 g6 16. Qg3 Bh6 17. Qc3 Bg7 18. Qxc7 Be6 19. Qxd8 Raxd8 20. Ne3 Bc8 21.
f3 b6 22. c3 Bb7 23. Ndc2 a5 24. Kf2 b5 25. b4 axb4 26. Nxb4 Rd7 27. Ned5 Kf8
28. Ra1 f5 29. exf5 Rxe1 30. Kxe1 gxf5 31. Ra5 Bxd5 32. Nxd5 Rb7 33. Kd2 Kf7 34.
Kd3 Be5 35. f4 Bg7 36. b4 Ke6 37. Rxb5 Rxb5 38. Nc7+ Kd7 39. Nxb5 Kc6 40. Nd4+ 1-0

[Event "Asian Individual 2025"]
[Site "Al Ain UAE"]
[Date "2025.05.07"]
[Round "1.67"]
[White "Baturin-Vinogradov, Miroslav"]
[Black "Mahdavi, Reza"]
[Result "0-1"]
[BlackTitle "IM"]
[WhiteElo "2010"]
[BlackElo "2445"]
[WhiteFideId "55745741"]
[BlackFideId "12595926"]
[EventDate "2025.05.07"]

1. d4 Nf6 2. c4 d6 3. Nf3 g6 4. g3 Bg7 5. Bg2 O-O 6. O-O Bf5 7. Nc3 Ne4 8. Nh4
Nxc3 9. bxc3 Bc8 10. Be3 Nd7 11. Rb1 Rb8 12. Qd2 c6 13. Bh6 Nb6 14. Bxg7 Kxg7
15. Qd3 Be6 16. d5 cxd5 17. cxd5 Bd7 18. Rb4 Rc8 19. Nf3 Qc7 20. Rc1 Qc5 21. Rd4
Qa3 22. Rc2 Ba4 23. Rd2 Qxc3 24. Qe4 Qa1+ 25. Bf1 Rc1 26. Rxa4 Rxf1+ 27. Kg2
Nxa4 28. Qxa4 Rh1 29. g4 Qf1+ 30. Kg3 f5 31. Qd4+ Kg8 32. Rc2 f4+ 33. Kh4 h6 34.
g5 Qg2 35. gxh6 Rxh2+ 36. Nxh2 Qxh2+ 0-1

[Event "Asian Individual 2025"]
[Site "Al Ain UAE"]
[Date "2025.05.07"]
[Round "1.68"]
[White "Neelash, Saha"]
[Black "Fedorov, Grigory"]
[Result "0-1"]
[WhiteTitle "IM"]
[WhiteElo "2445"]
[BlackElo "2008"]
[WhiteFideId "5094160"]
[BlackFideId "4123530"]
[EventDate "2025.05.07"]

1. d4 Nf6 2. c4 g6 3. Nc3 Bg7 4. e4 d6 5. h3 O-O 6. Be3 e5 7. d5 Na6 8. g4 Nc5
9. f3 a5 10. h4 h5 11. g5 Nh7 12. Bh3 f6 13. Bxc8 Rxc8 14. Qd2 fxg5 15. hxg5 Rf4
16. Nce2 Qxg5 17. O-O-O Qf6 18. Nxf4 exf4 19. Bd4 Qxd4 20. Qxd4 Bxd4 21. Rxd4
Ng5 22. Rh4 Rf8 23. Rd2 Kg7 24. Kd1 Nd7 25. Ke2 b6 26. Rc2 Ne5 27. Rc3 Kh6 28.
Rh1 Nh7 29. Nh3 g5 30. Kd1 Kg6 31. Rf1 Kf6 32. b3 Ng6 33. Rc2 Ke5 34. Rg2 Nh4
35. Rh2 Nxf3 36. Rxf3 g4 37. Rf1 gxh3 38. Rxh3 Nf6 39. Rh4 Ng4 40. Kd2 Kxe4 41.
Re1+ Kf3 42. Rxh5 Ne3 43. Rh7 Rg8 44. Kd3 Rg2 45. Rf7 Ng4 46. Rf1+ Nf2+ 47. Kd2
Kg3 48. Rg7+ Ng4+ 49. Kd3 f3 50. a4 Rh2 51. Rxc7 Ne5+ 52. Kc3 Kg2 53. Ra1 f2 54.
Rg7+ Kf3 55. Rb7 Rg2 56. Rf1 Rg1 57. Rxf2+ Kxf2 58. Rxb6 Ke3 59. Kc2 Nd3 60. b4
axb4 61. a5 Ra1 62. a6 Ra2+ 63. Kb1 Ra3 64. Rxd6 b3 65. Rb6 b2 66. Kc2 Ra1 67.
Rxb2 Nxb2 68. d6 Rxa6 69. c5 Rc6 0-1